| Tag |
First Indicator |
Second Indicator |
Subfields |
| LEADER |
00000cam a2200000 4500 |
| 001 |
in00000068482 |
| 005 |
20151008050213.0 |
| 008 |
720316s1966 nbu b 00000 eng |
| 010 |
|
|
|a 66010874
|
| 035 |
|
|
|a (OCoLC)00264755
|
| 035 |
|
|
|9 AAG0017AM
|
| 040 |
|
|
|a DLC
|c WSU
|d TXA
|d UtOrBLW
|
| 049 |
|
|
|a TXAM
|c [470283]
|
| 050 |
|
0 |
|a HV7965
|b .P7
|
| 092 |
|
|
|a 301
|b P949e
|
| 100 |
1 |
|
|a Preiss, Jack J.,
|d 1919-
|
| 245 |
1 |
3 |
|a An examination of role theory ;
|b the case of the state police /
|c [by] Jack J. Preiss [and] Howard J. Ehrlich.
|
| 264 |
|
1 |
|a Lincoln :
|b University of Nebraska Press,
|c [1966]
|
| 300 |
|
|
|a 286 pages
|
| 336 |
|
|
|a text
|b txt
|2 rdacontent
|
| 337 |
|
|
|a unmediated
|b n
|2 rdamedia
|
| 338 |
|
|
|a volume
|b nc
|2 rdacarrier
|
| 504 |
|
|
|a Bibliography: pages 227-282.
|
| 650 |
|
0 |
|a Police, State.
|
| 650 |
|
0 |
|a Social role
|x Case studies.
|
| 700 |
1 |
|
|a Ehrlich, Howard J.
|
| 999 |
|
|
|a MARS
|
| 999 |
f |
f |
|s 2c26051a-0edf-3b0d-8784-120ad05beeb1
|i 2e86b789-44d4-39ab-b135-871380aef5e8
|t 0
|
| 952 |
f |
f |
|p ric
|a Texas A&M University
|b Rellis Campus
|c Joint Library Facility
|s JLF
|d Remote Storage
|t 0
|e HV7965 .P7
|h Library of Congress classification
|i unmediated -- volume
|m A14800634034
|
| 998 |
f |
f |
|a HV7965 .P7
|t 0
|l Remote Storage
|